000 00666nam a2200217Ia 4500
003 GCL
008 140319s9999 xx 000 0 ara d
040 _aGCL /
_cGCL
082 0 4 _a265.1
_bح ر
100 1 _aالحارث المحاسبى
245 1 0 _aرسالة المسترشدين /
_cالحارث المحاسبى
700 1 _aابى عبدالله الحارث بن اسد
260 _a[S.N] :
_bمكتبة التراث الاسلامى ،
_c1992
300 _a46 ص
490 _a
650 0 4 _aالاسلام
650 0 4 _aالتصوف الاسلامى
650 0 4 _aالتصوف
650 0 4 _aالمدرسة المحابية
942 _2ddc
_cBK
999 _c28469
_d28469